| 000 | 00719nam a2200205 a 4500 | ||
|---|---|---|---|
| 001 | 000022893 | ||
| 003 | AM-YEHGA | ||
| 005 | 20250618070839.0 | ||
| 008 | 001004s1969 ai |||||||||||||||||arm|d | ||
| 040 | _aAM-YeHGA | ||
| 041 | 0 | _aarm | |
| 100 | 1 |
_aՄարգարյան, Ստյոպա Ենոքի, _d1930- _99356 |
|
| 245 | 1 | 0 |
_aԿերերի բաշխման աշխատանքների կոմպլեքսային մեքենայացումը / _cՍ.Ե. Մարգարյան, Ս.Խ. Խոյեցյան. |
| 260 |
_aԵրևան : _bՀայաստան , _c1969. |
||
| 300 | _a149 էջ | ||
| 650 | 1 | 4 |
_aԳյուղատնտեսություն _94945 |
| 700 | 1 | _aԽոյեցյան, Ստյոպա Խաչատուրի | |
| 942 | _cBK | ||
| 090 | _c8982 | ||
| 999 |
_c8919 _d8919 |
||